A handbook of process tracing methods for decision research : (Record no. 3562)

000 -LEADER
fixed length control field 01567cam a2200421 a 4500
001 - CONTROL NUMBER
control field 8218413
003 - CONTROL NUMBER IDENTIFIER
control field OSt
005 - DATE AND TIME OF LATEST TRANSACTION
control field 20180117090008.0
008 - FIXED-LENGTH DATA ELEMENTS--GENERAL INFORMATION
fixed length control field 100812s2011 nyua b 001 0 eng
010 ## - LIBRARY OF CONGRESS CONTROL NUMBER
LC control number 2010033859
020 ## - INTERNATIONAL STANDARD BOOK NUMBER
International Standard Book Number 9781848728646 (hbk.)
020 ## - INTERNATIONAL STANDARD BOOK NUMBER
International Standard Book Number 1848728646 (hbk.)
020 ## - INTERNATIONAL STANDARD BOOK NUMBER
International Standard Book Number 9780203875292 (ebook)
020 ## - INTERNATIONAL STANDARD BOOK NUMBER
International Standard Book Number 020387529X (ebook)
024 ## - OTHER STANDARD IDENTIFIER
Standard number or code 40018579450
035 ## - SYSTEM CONTROL NUMBER
System control number (OCoLC)ocn449889653
035 ## - SYSTEM CONTROL NUMBER
System control number (OCoLC)449889653
035 ## - SYSTEM CONTROL NUMBER
System control number (NNC)8218413
040 ## - CATALOGING SOURCE
Original cataloging agency DLC
Transcribing agency DLC
Modifying agency YDX
-- BTCTA
-- YDXCP
050 00 - LIBRARY OF CONGRESS CALL NUMBER
Classification number BF448
Item number .H356 2011
082 00 - DEWEY DECIMAL CLASSIFICATION NUMBER
Classification number 153.8/3072
Edition number 22
245 02 - TITLE STATEMENT
Title A handbook of process tracing methods for decision research :
Remainder of title a critical review and user's guide /
Statement of responsibility, etc. edited by Michael Schulte-Mecklenbeck, Anton Kühberger and Rob Ranyard.
260 ## - PUBLICATION, DISTRIBUTION, ETC.
Place of publication, distribution, etc. New York :
Name of publisher, distributor, etc. Psychology Press,
Date of publication, distribution, etc. 2011.
300 ## - PHYSICAL DESCRIPTION
Extent xiii, 256 p. :
Other physical details ill. ;
Dimensions 24 cm.
490 1# - SERIES STATEMENT
Series statement Society for judgment and decision making series
504 ## - BIBLIOGRAPHY, ETC. NOTE
Bibliography, etc. note Includes bibliographical references and index.
650 #0 - SUBJECT ADDED ENTRY--TOPICAL TERM
Topical term or geographic name entry element Decision making
General subdivision Research.
650 #0 - SUBJECT ADDED ENTRY--TOPICAL TERM
Topical term or geographic name entry element Decision making
General subdivision Methodology.
650 #0 - SUBJECT ADDED ENTRY--TOPICAL TERM
Topical term or geographic name entry element Cognition
General subdivision Research.
700 1# - ADDED ENTRY--PERSONAL NAME
Personal name Schulte-Mecklenbeck, Michael.
700 1# - ADDED ENTRY--PERSONAL NAME
Personal name Kühberger, Anton.
700 1# - ADDED ENTRY--PERSONAL NAME
Personal name Ranyard, Rob.
830 #0 - SERIES ADDED ENTRY--UNIFORM TITLE
Uniform title Society for Judgment and Decision Making (Series)
942 ## - ADDED ENTRY ELEMENTS (KOHA)
Source of classification or shelving scheme
Koha item type Book
948 1# - LOCAL PROCESSING INFORMATION (OCLC); SERIES PART DESIGNATOR (RLIN)
Series part designator, SPT (RLIN) 20101214
b (OCLC) c
c (OCLC) sl13
d (OCLC) MPS
Holdings
Withdrawn status Lost status Source of classification or shelving scheme Damaged status Not for loan Permanent Location Current Location Shelving location Date acquired Total Checkouts Full call number Barcode Date last seen Date last checked out Price effective from Koha item type
          Central Library (CL) Central Library (CL) General Stacks 08/04/2016 1 153.83072 HAN S3H-N-1599 11/27/2023 10/13/2017 08/04/2016 Book
© 2023 Central Library, National University of Sciences and Technology. All Rights Reserved.